01453nam a2200253 a 4500001001000000005001700010041000800027044000700035084002000042100004500062245016100107260003800268300002900306500039700335500015100732500001100883546002400894650005200918650005600970650003401026650004501060700004401105740005001149BRCA_343720190320204301.0 aita ait a726b.F53c18291 aCervantes Saavedra, Miguel ded1547-161610aL´Ingegnoso Cittadino Don Chisciote della ManciacOpera di M. Cervantes Saavedra ; Traduzione nuovissima procurate da chiarissimo signore Bartolomeo Gamba. aParmabPietro Fiaccadoric1829-30 a6 v. en 12 tomosc20 cm. aContenido : v.1. Primera parte. Prefacio de los editores. Noticia sobre la vida y obra de Cervantes tomada de Pellicer y Quintana. Dedicatoria y prólogo del autor. 1829. -- v.2. Primera parte. Texto. 1830. -- v.3. Primera parte. Final. Texto. 1830. -- v.4. Segunda parte. Dedicatoria y prólogo del autor. 1830. -- v.5. Segunda parte. Texto. 1830. -- v.6. Segunda parte. Final. Texto. 1830 aReproducción de la edición de 1818-19, publicada por Alviso-polo, pero sin láminas. Semipiel; lomeras adornadas con dorados Lúdovik Osterc aQM544A aTexto en : italiano14aNovela españolayÉpoca clásica, 1500-170014aLiteratura españolayÉpoca clásica, 1500-170014aNovela españolaySiglo XVII14aDon Quijote (Personaje ficticio)eNovela1 aGamba, Bartolomeod1766-1841eTraductor0 aEl Ingenioso Hidalgo Don Quijote de la Mancha